000 00552nam a2200181Ia 4500
003 GCL
008 140319s9999 xx 000 0 ara d
040 _aGCL /
_cGCL
082 0 4 _a759
_bج ف
100 1 _aجمال قطب
245 1 0 _aفلسفة الرؤية فى التأثيرية و الفن الحديث: جزء خاص عن مدارس النقد الفنى /
_cجمال قطب
300 _a142 ص
490 _a100 قصة
_v0
650 0 4 _aالرمزية
650 0 4 _aتاريخ ونقد
650 0 4 _aالتأثيرية
942 _2ddc
_cBK
999 _c44004
_d44004